| 000 | 00708nam a22002297a 4500 | ||
|---|---|---|---|
| 999 |
_c10534 _d10534 |
||
| 003 | AR-CdUCM | ||
| 008 | 190401b ||||| |||| 00| 0 spa d | ||
| 040 |
_aMUNICIPALIDAD PROVINCIAL DEL CUSCO _cBIBLIOTECA MUNICIPAL DEL CUSCO |
||
| 082 |
_a869.56 / _bM672C |
||
| 100 |
_aMiranda, Efraín _99268 |
||
| 245 |
_aChoza : _bpoemas / |
||
| 260 |
_aLima : _bHumboldt, _c1978. |
||
| 300 |
_a207 páginas ; _c21 cm. |
||
| 500 | _aDonación dela familia Nieto. Dedicatoria a Luis Nieto. | ||
| 505 | _aContenido: Poesías. | ||
| 650 |
_aPoesía peruana _9806 |
||
| 650 |
_aPoesía peruana Indígena _925188 |
||
| 650 |
_aSiglo XX _98 |
||
| 650 |
_aLiteratura Peruana _9132 |
||
| 942 |
_2ddc _cLIBROS |
||
| 945 | _acmm | ||